000 00446nam a22001817a 4500
003 CEME
005 20210628203953.0
008 210315b xxu||||| |||| 00| 0 eng d
020 _a81-7224-165-8
040 _c.
082 _a620.11 FLI'E
100 _aTrojan, P. K , Flim, R. A
_968084
245 _aEngineering materials and their applications
250 _a4TH
260 _aBOMBAY
_bJAICO
_c1993
300 _a5.276P
942 _cBK
_2ddc
999 _c575734
_d575734